00630nam a22001815i 4500001000700000003000900007005001700016008004100033040002000074100002000094245008600114260006500200300004100265600004300306610002800349700003500377852003600412152116ES-MaACL20230906204536.0051018s1884 fr a | |||||||| ||fre d aCAM bspa cCAM1 aBigot, Charles.10aRaphaël et la Farnésine / cpar Charles Bigot ; gravures par Tiburce de Mare. aParis : bGazette des Beaux-Arts, c1884 (fTyp. A. Quantin) a132 p., [15] h. de lám. ; c31 cm.14aRafael-xCrítica e interpretación.24aPalacio Farnesio (Roma)1 aMare, Tiburce de (d1840-1900) aES-MaACLjG-2222 z-- Enc. hol.